Phares Avant : Devinez la Marque de Voiture - Statistiques

Statistiques générales
  • Ce quiz a été pris 1 412 fois
  • Le résultat moyen est 15 sur 19
Statistiques - réponses
Par images Réponse % Correct
Peugeot
92%
Renault
92%
McLaren
91%
Porsche
90%
BMW
88%
Dacia
88%
Lamborghini
87%
Citroën
86%
Mercedes
86%
Rolls Royce
83%
Ferrari
82%
Volkswagen
77%
Fiat
76%
Bentley
75%
Dodge
74%
Audi
70%
Maserati
70%
Ford
64%
Mazda
58%
Aucun quiz correspondant
Distribution des résultats
% des personnes avec chaque résultat
Percentile par nombre de réponses
Votre historique - résultats
Vous n’avez pas pris ce quiz